| 000 | 01463nam a22003017a 4500 | ||
|---|---|---|---|
| 999 |
_c7366 _d7366 |
||
| 003 | AR-CdUCM | ||
| 008 | 190320b ||||| |||| 00| 0 spa d | ||
| 040 |
_aMUNICIPALIDAD PROVINCIAL DEL CUSCO _cBIBLIOTECA MUNICIPAL DEL CUSCO |
||
| 082 |
_a362.760985 / _bV4 |
||
| 110 |
_aComisión de la Verdad y Reconciliación _920754 |
||
| 245 |
_aLa violencia contra las niñas y los niños : _b informe de la Comisión de la Verdad y Reconciliación / |
||
| 260 |
_aLima : _bSave the Children : _b[Didi de Arteta S.A.], _c2005. |
||
| 300 |
_a94 páginas ; _c20 cm. |
||
| 505 | _aContenido: Los hijos de la guerra -- Otra vez invisibles: los niños y niñas de la guerra -- La destrucción del futuro -- Informe de la CVR: la violencia contra las niñas y los niños -- Discriminación, violencia y educación en el Perú ... | ||
| 650 |
_aComisión de la Verdad y Reconciliación - Informes _920755 |
||
| 650 |
_aAbuso de niños - Perú - Casos _920756 |
||
| 650 |
_aViolencia política - Terrorismo - Consecuencias - Infantes _920757 |
||
| 650 |
_aCondiciones sociales en niños - Perú _920758 |
||
| 650 |
_aAbuso sexual - Niños - Perú - Estudio de casos _920759 |
||
| 700 |
_aVillar Márquez, Eliana _920760 |
||
| 700 |
_aDegregori, Carlos Iván _947 |
||
| 700 |
_aRotondo Dall'Orso, Emma _920761 |
||
| 700 |
_aBruce, Jorge _920762 |
||
| 700 |
_aManrique, Nelson _92258 |
||
| 710 |
_aSave the Children _920763 |
||
| 942 |
_2ddc _cLIBROS |
||
| 945 | _alccs | ||